LEADER 01576nam a2200373 u 4500 001 000000071964 003 CaOOAMICUS 005 20070226122205.0 008 020607s2002 it u000 u ita u 020 $a8882943232 035 $a10932561 040 $aPUL$bita 110 1 $aItalia.$0(OLS)http://pul/name/1188 240 10$aLeggi, ecc.$9(Italia).$0(OLS)http://pul/title/1565 245 13$aIl codice di diritto ecclesiastico /$ca cura di Paolo Moneta. 250 $a4. ed. 260 $aPiacenza :$bLa tribuna,$cc2002. 300 $a638 p. ;$c20 cm 490 1 $a2002 i codici vigenti e le leggi speciali 500 $aContiene indici. 650 4$aDiritto ecclesiastico.$0(OLS)http://pul/subject/6 700 1 $aMoneta, Paolo.$0(OLS)http://pul/name/18333 830 0$a2002 i codici vigenti e le leggi speciali.$0(OLS)http://pul/title/90419 850 $aPUL 852 $aPUL$W1$xDP2 Diritto e Scienze Sociali 1$y65$m165 C 52$j93087$nBK-PRI$b $qStampati$B93087$CPULBib$Z2$F93087 $H87108 $82 852 $aPUL$W1$xDP2 Diritto e Scienze Sociali 2$y100$mUtrCiv E 24$j93088$nBK-PRI$qStampati Altre Collocazioni$B93088$CPULBib$Z2$F93088 $H87107 $82 941 1 $a8 941 1 $a10 960 $aDiritto e religione$96 960 $aDiritto e religione$96 961 $aINV: 87107 996 $6020$a8882943232$9(OLS)http://pul/number/92947 996 $6245$aIl codice di diritto ecclesiastico$9(OLS)http://pul/title/94701 996 $6260$aPiacenza :$bLa tribuna$9(OLS)http://pul/publisher/62750 LEADER 00974nam a2200229 u 4500 001 000000084293 003 CaOOAMICUS 005 20070226124049.0 008 050620s1935 it u000 u ita u 035 $a11051365 040 $aPUL(R)$bita 100 1 $aMandel, Roberto.$0(OLS)http://pul/name/54441 245 13$aIl Duce :$bgli atti e le opere, i discorsi e le direttive, l'azione di governo /$cRoberto Mandel. 250 $aNuova edizione aggiornata. 260 $aMilano :$bSonzogno,$c1935. 300 $a163 p. ;$c18 cm 600 14$aMussolini, Benito,$d1883-1945.$0(OLS)http://pul/subject/3161 850 $aPUL 852 $aPUL$W1$xDP1 Fondo Cecchetti$y53$m270 F 26$j107224$nBK-PRI$b $qFondi$B107224$CPULBib$Z2$F107224 $HPUL2266 $81 941 1 $a1 996 $6245$aIl Duce :$bgli atti e le opere, i discorsi e le direttive, l'azione di governo$9(OLS)http://pul/title/109669 996 $6260$aMilano :$bSonzogno$9(OLS)http://pul/publisher/53254